Estudio de pre factibilidad para la creación de una fábrica artesanal de muebles ecológicos, ubicada en el municipio de Masaya, en el periodo 2019-2024
El estudio presenta un estudio de pre factibilidad para la creación de una fábrica artesanal de muebles ecológicos, analiza las variables de demanda y oferta de mercado que interfieren en los consumidores potenciales de muebles ecológicos en el municipio de Masaya, determina la capacidad de la...
| Main Authors: | , |
|---|---|
| Other Authors: | |
| Format: | Tesis Section = Libro |
| Language: | Undetermined Spanish |
| Published: |
Managua
UNI
2020
|
| Subjects: |
| LEADER | 01584nam a2200277Ia 4500 | ||
|---|---|---|---|
| 008 | 240830s9999 xx 000 0 und d | ||
| 040 | |a BIBLIOTECA-RUPAP Mon 658.11 H557 | ||
| 041 | |a spa | ||
| 082 | |a Mon 658.11 H557 | ||
| 100 | 1 | |a Hernández Carballo, Edgardo José | |
| 100 | 1 | |b Leytón Pérez, Samanta Walkiria | |
| 245 | 1 | 0 | |a Estudio de pre factibilidad para la creación de una fábrica artesanal de muebles ecológicos, ubicada en el municipio de Masaya, en el periodo 2019-2024 |
| 260 | |a Managua |b UNI |c 2020 | ||
| 300 | |a 269 p. :il. | ||
| 500 | |a Contiene: anexos y CD. | ||
| 502 | |a Tesis (Ingeniero Industrial)- UNI, 2020. | ||
| 520 | 3 | |a El estudio presenta un estudio de pre factibilidad para la creación de una fábrica artesanal de muebles ecológicos, analiza las variables de demanda y oferta de mercado que interfieren en los consumidores potenciales de muebles ecológicos en el municipio de Masaya, determina la capacidad de la planta, localización e ingeniería de proyecto conveniente para la operación de la fábrica, establece la estructura organizacional y legal para instauración de la fabrica artesanal de muebles, determina la rentabilidad financiera mediante el cálculo de ingresos, costos e inversiones necesarias para el funcionamiento de la planta | |
| 650 | 7 | |a NUEVAS EMPRESAS | |
| 650 | 7 | |b ESTUDIOS DE FACTIBILIDAD | |
| 650 | 7 | |c ESTUDIO DE MERCADO | |
| 650 | 7 | |d ANALISIS AMBIENTAL | |
| 650 | 7 | |e ESTUDIO FINANCIERO | |
| 700 | 1 | |a Tutor: |b Silvestri Jirón, Pietro Marcelo | |
| 942 | |c BK |2 ddc | ||
| 991 | |a TESIS | ||
| 999 | |c 16928 | ||